Trendy a výzvy rodinného podnikania a nástupníctva II. digitalizácia v podnikaní : zborník vedeckých statí

Gespeichert in:
Bibliographische Detailangaben
Körperschaften: ENTERinstitut, Fakulta podnikového manažmentu EU
Weitere Verfasser: Hajduová, Zuzana, 1974-, Markovič, Peter, 1974-, Hampel, Katarzyna, Bobenič Hintošová, Aneta, 1979-, Beug, Benjamin
Format: Buch
Sprache:Slowakisch
Englisch
Deutsch
Veröffentlicht: Bratislava [Fakulta podnikového manažmentu EU] 2025
Ausgabe:1. vydanie
Schlagworte:
Tags: Tag hinzufügen
Keine Tags, Fügen Sie das erste Tag hinzu!

MARC

LEADER 00000nam a2200000 4500
001 0310733
005 20250610135352.5
020 |a 978-80-225-5227-1 
041 0 |a slo 
041 0 |a eng 
041 0 |a ger 
044 |a SK 
245 1 0 |a Trendy a výzvy rodinného podnikania a nástupníctva II.  |b digitalizácia v podnikaní : zborník vedeckých statí  |c editori / Editors: Zuzana Hajduová, Peter Markovič ; recenzenti / Reviewers: Katarzyna Hampel, Aneta Bobenič Hintošová, Benjamin Beug 
250 |a 1. vydanie 
264 1 |a Bratislava  |b [Fakulta podnikového manažmentu EU]  |c 2025 
300 |a 147 s. [10,20 AH] 
610 2 0 |a podnikanie rodinné 
610 2 0 |a nástupníctvo podnikové 
610 2 0 |a digitalizácia 
610 2 0 |a transformácia digitálna 
610 2 0 |a rozhodovanie manažérske 
610 2 0 |a technológie nové 
610 2 0 |a kultúra podniková 
700 1 |a Hajduová, Zuzana, 1974- 
700 1 |a Markovič, Peter, 1974- 
700 1 |a Hampel, Katarzyna 
700 1 |a Bobenič Hintošová, Aneta, 1979- 
700 1 |a Beug, Benjamin 
710 2 |a ENTERinstitut 
710 2 |a Fakulta podnikového manažmentu EU